1954 1890 1812 1647 1870 1071 1647 1708 1865 1818 1485 1869 1683 1449 1971 1665 1422 1826 1756 1972 1524 1635 1619 1519 1907 1192 1031 1035 1411 1119 1558 1305 1338 1213 1604 1719 1228 1299 1697 1330 1154 1995 1583 1900 1515 1374 1804 1052 1812 1236 1451 1544 1309 1526 1660 1610 1379 2000 1636 1955 1919 1223 1009 1864 1542 1236 1055 1672 1623 1372 1055 1096 1587 1396 1994 1373 1681 1634 1872 1511 1598 1407 1527 1018 1278 1432 1372 1768 1624 1181 1515 1529 1150 1886 1661 1436 1144 1913 1923 BCNSPRNW ULIB Ver.6.0+V

เปลี่ยนเป็นภาษาไทย

Change to English
 แสดงรายละเอียดบรรณานุกรม
  กลับหน้าหลัก

Brief Record : Get Marc (ISO 2709) : E-mail record : QR code < ปิดหน้าต่าง
LEADER : 00000nam 2200000uu 4500
001    13399126430
003     ULIB
008    180916s2561||||th 000 0 tha d
020    ^a9786164300521
050 00 ^aHF5439.5^bด53ว
100 1  ^aDiaGo, Mentalist
245 10 ^aวิชาอ่านใจให้อีกฝ่ายปฏิเสธไม่ลง /^cMentallist Daigo, เขียน ; ธนัญ พลแสน, แปล
260    ^aกรุงเทพฯ :^bเอ็มไอเอส,^c2561
300    ^a255 หน้า :^bภาพประกอบ
650  4 ^aนักขาย
650  4 ^aการขาย
945    ^p150^l0^i26632
999    ^aกัณชพร จุลอักษร
รายการนี้ยังไม่มีแท็ก
คุณยังไม่ได้ล็อกอิน คุณสามารถมีกิจกรรมร่วมกับเว็บไซต์ได้ แต่ต้องล็อกอินก่อน ::
  ล็อกอิน

รายการสื่อสารสนเทศ

ลำดับที่ ประเภท เลขเรียก/บาร์โค้ด สถานที่ สถานะ
1. วิทยาศาสตร์การแพทย์ และสุขภาพ
วิทยาศาสตร์การแพทย์ และสุขภาพ
HF5439.5 ด53ว ฉ.1 
  Barcode: 26632
ห้องสมุดวิทยาเขตนครสวรรค์
►หนังสือทั่วไป:l:General Books
บนชั้น

รายการใกล้เคียง
    ผู้แต่ง [DiaGo, Mentalist]

    หัวเรื่อง [นักขาย]
    หัวเรื่อง [การขาย]

BibComment


ยังไม่เคยถูกคอมเมนท์

คอมเมนท์ทรัพยากรรายการนี้
  คอมเมนท์: วิชาอ่านใจให้อีก..


 Copyright 2026. Bcnsprnw @Library